000 00741nam a22002417a 4500
003 UA-OsUOA
001 120066
007 ta
008 20161205b un ||||| |||| 00| 0 ukr d
090 _a94(477+100)"1941/1918"
_bВ27
942 _cBK
040 _aUA-OsUOA
_bukr
_cUA-OsUOA
_dUA-OsUOA
245 _aВелика війна 1914 - 1918 рр. і Україна
_bу 2-х кн.
_cупор. О. Реєнт
300 _a784 с.
955 _a1
041 _aukr
080 _a94(477+100)"1941/1918"
020 _a978-617-7023-08-0
260 _aК.
_bКліо
_c2014
246 3 1 _aКн. 1
_nІсторичні нариси
650 7 _a9 Географія. Біографії. Історія
_2UDC
999 _c406119
_d406119